Classements compagnies aériennes en fonction de leur flotte - Statistiques

Statistiques générales
  • Ce quiz a été pris 20 fois
  • Le résultat moyen est 12 sur 20
Statistiques - réponses
Flotte Pays Réponse % Correct
214 France Air France
94%
260 Emirats arabes unis Emirates
88%
287 Allemagne Lufthansa
82%
511 Turquie Turkish Airlines
82%
1 005 États-Unis American Airlines
76%
233 Japon Japan Airlines
76%
639 Irlande Ryanair
76%
254 Royaume-Uni British Airways
71%
922 États-Unis Delta Airlines
65%
510 Chine Air China
59%
252 Australie Qantas
59%
150 Éthiopie Ethiopian Airlines
53%
346 Inde IndiGo
53%
158 Corée du Sud Korean Air
53%
1 056 États-Unis United Airlines
47%
810 Chine China Eastern Airlines
41%
664 Chine China Southern Airlines
41%
333 Chili LATAM Airlines
41%
850 États-Unis Southwest Airlines
41%
579 États-Unis SkyWest Airlines
0%
Aucun quiz correspondant
Distribution des résultats
% des personnes avec chaque résultat
Percentile par nombre de réponses
Votre historique - résultats
Vous n’avez pas pris ce quiz